Les drapeaux avec du rouge - Mort subite - Statistiques

Statistiques générales
  • Ce quiz a été pris 1 180 fois
  • Le résultat moyen est 9 sur 10
Answers on the Grid
Answers color-coded by a green-red scale on the quiz's grid according to % correct below.
Canada
Japon
Chine
France
États-Unis
Turquie
Allemagne
Vietnam
Suisse
Thaïlande
Suède
Grèce
Finlande
Jamaïque
Argentine
Bahamas
Botswana
Somalie
Estonie
Sierra Leone
 
Statistiques - réponses
Réponse % Correct
France
93%
Canada
92%
Chine
92%
États-Unis
92%
Japon
92%
Suisse
91%
Turquie
91%
Allemagne
88%
Vietnam
83%
Thaïlande
82%
Aucun quiz correspondant
Distribution des résultats
% des personnes avec chaque résultat
Percentile par nombre de réponses
Votre historique - résultats
Vous n’avez pas pris ce quiz